Kẻ dại khờ : Tiểu thuyết trinh thám /
Wedi'i Gadw mewn:
| Prif Awdur: | |
|---|---|
| Awduron Eraill: | |
| Fformat: | Sách giấy |
| Iaith: | Vietnamese |
| Cyhoeddwyd: |
H. :
Công an Nhân dân,
2004
|
| Tagiau: |
Ychwanegu Tag
Dim Tagiau, Byddwch y cyntaf i dagio'r cofnod hwn!
|
| Thư viện lưu trữ: | Thư viện Trường Đại học Đà Lạt |
|---|
| LEADER | 00664nam a2200277 4500 | ||
|---|---|---|---|
| 001 | DLU040029482 | ||
| 005 | ##20041006 | ||
| 040 | # | # | |a DLU |b vie |
| 041 | # | # | |a vie |
| 044 | # | # | |a vn |
| 082 | # | # | |a 843 |b EXB |
| 100 | # | # | |a Exbrayat |
| 245 | # | # | |a Kẻ dại khờ : |b Tiểu thuyết trinh thám / |c Exbrayat; Đặng Phú dịch |
| 260 | # | # | |a H. : |b Công an Nhân dân, |c 2004 |
| 300 | # | # | |a 295 tr. ; |c 19 cm |
| 700 | # | # | |a Đặng Phú |e dịch |
| 923 | # | # | |a 30/2004 |
| 992 | # | # | |a 28.000 |
| 994 | # | # | |a DLU |
| 900 | # | # | |a True |
| 911 | # | # | |a Đào Thị Thu Huyền |
| 925 | # | # | |a G |
| 926 | # | # | |a A |
| 927 | # | # | |a SH |
| 980 | # | # | |a Thư viện Trường Đại học Đà Lạt |